| 000 | 00823nam a2200241 u 4500 | ||
|---|---|---|---|
| 005 | 20231017063832.0 | ||
| 008 | 071106s2006 ag r 000 0 spa d | ||
| 020 | _a9505376413 | ||
| 035 | _aUPN01000153374 | ||
| 049 | _aCG | ||
| 050 | 4 |
_aHD2346 A7 _bV3.2 2006 |
|
| 100 | 1 | _aVázquez, Jorge Rubén | |
| 245 | 1 | 0 |
_aDirección eficaz de PyMEs : _bautodiagnóstico y planeamiento estratégicos y control de gestión / _cJorge Rubén Vázquez, Horacio Luis Stering. |
| 250 | _a3a ed. | ||
| 260 |
_aBuenos Aires : _bMacchi, _cc2006. |
||
| 300 |
_a347 p. : _bil. cuadros |
||
| 440 | 0 | _aBiblioteca macchi para las PyMes | |
| 650 | 4 |
_aMICROEMPRESAS - _zARGENTINA _98693 |
|
| 650 | 4 |
_aEMPRESAS COMERCIALES _98100 |
|
| 650 | 4 |
_aNegocios _xAdministración _98730 |
|
| 700 | 1 |
_aStering, Horacio Luis, _ecoaut. |
|
| 905 | _aLibro | ||
| 999 |
_c125495 _d125495 |
||